<?xml version="1.0" encoding="UTF-8"?>
<collection xmlns="http://www.loc.gov/MARC21/slim">
 <record>
  <leader>02275nam a2200241Ia 4500</leader>
  <controlfield tag="001">CTU_237936</controlfield>
  <controlfield tag="008">210402s9999    xx            000 0 und d</controlfield>
  <datafield tag="082" ind1=" " ind2=" ">
   <subfield code="a">428.00712</subfield>
  </datafield>
  <datafield tag="082" ind1=" " ind2=" ">
   <subfield code="b">H309</subfield>
  </datafield>
  <datafield tag="088" ind1=" " ind2=" ">
   <subfield code="a">8140111</subfield>
  </datafield>
  <datafield tag="100" ind1=" " ind2=" ">
   <subfield code="a">Lê, Minh Hiếu</subfield>
  </datafield>
  <datafield tag="245" ind1=" " ind2="0">
   <subfield code="a">High school EFL teachers’ teaching culture through the pilot English textbook -English 10 and their perceptions of the use of ICT tools to teach intercultural communication :</subfield>
  </datafield>
  <datafield tag="245" ind1=" " ind2="0">
   <subfield code="b">Master of education. Program: Principles and methods in English language education</subfield>
  </datafield>
  <datafield tag="245" ind1=" " ind2="0">
   <subfield code="c">Lê Minh Hiếu ; Thái Công Dân (Cán bộ hướng dẫn)</subfield>
  </datafield>
  <datafield tag="260" ind1=" " ind2=" ">
   <subfield code="a">Cần Thơ</subfield>
  </datafield>
  <datafield tag="260" ind1=" " ind2=" ">
   <subfield code="b">Trường Đại học Cần Thơ</subfield>
  </datafield>
  <datafield tag="260" ind1=" " ind2=" ">
   <subfield code="c">2020</subfield>
  </datafield>
  <datafield tag="520" ind1=" " ind2=" ">
   <subfield code="a">This article intended to discuss prominent issues in teaching Intercultural Communication (ICC) to English as a foreign language (EFL) - students through the pilot English Textbook-English 10 in Vietnamese high school level, especially at some high schools in the Mekong Delta. The concepts of culture, language and culture, teaching and evaluation ICC, and using application in teaching and learning ICC were defined respectively. Next, the characteristics and components of culture were presented as well. The relationship between language and culture would also be pointed out. Moreover, factors such as teaching, curriculum, and textbooks that had an impact on the success and failure of teaching culture to EFL high school students were examined. Besides, various uses on application in ICC teaching and learning would be explored. The result of data analysis from instruments: questionnaires and interviews would be presented and addressed. Additionally, the evaluation of cultural perception and ways to use applications for combination into the lessons would too be described. Furthermore, the advantages and disadvantages of using applications for teaching ICC in the high school language classroom would be mentioned after data analysis. Finally, some discussions and conclusions would be made.</subfield>
  </datafield>
  <datafield tag="650" ind1=" " ind2=" ">
   <subfield code="a">Tiếng Anh,English language</subfield>
  </datafield>
  <datafield tag="650" ind1=" " ind2=" ">
   <subfield code="x">Dạy và học (Trung học),Study and teaching (Secondary)</subfield>
  </datafield>
  <datafield tag="904" ind1=" " ind2=" ">
   <subfield code="i">Hải</subfield>
  </datafield>
  <datafield tag="910" ind1=" " ind2=" ">
   <subfield code="c">tvtrong</subfield>
  </datafield>
  <datafield tag="980" ind1=" " ind2=" ">
   <subfield code="a">Trung tâm Học liệu Trường Đại học Cần Thơ</subfield>
  </datafield>
 </record>
</collection>
